Central Library OPAC University of Rajshahi

The image : (Record no. 33423)

MARC details
000 -LEADER
fixed length control field 00686nam a22002291 4500
001 - CONTROL NUMBER
control field 33423
003 - CONTROL NUMBER IDENTIFIER
rucl marc code BD-RjUL
005 - DATE AND TIME OF LATEST TRANSACTION
control field 20211209052015.0
008 - FIXED-LENGTH DATA ELEMENTS--GENERAL INFORMATION
fixed length control field 140507r19631956miu 000 0 eng
035 ## - SYSTEM CONTROL NUMBER
System control number (BD-RjUL)33514
040 ## - CATALOGING SOURCE
Original cataloging agency DLC
Transcribing agency DLC
Modifying agency BD-RjUL
Language of cataloging eng
041 ## - LANGUAGE CODE
Language code of text/sound track or separate title eng
082 00 - DEWEY DECIMAL CLASSIFICATION NUMBER
Classification number 110
Author mark and year BUI 1963
100 1# - MAIN ENTRY--PERSONAL NAME
Personal name Boulding, Kenneth E.
Fuller form of name (Kenneth Ewart),
Dates associated with a name 1910-1993.
9 (RLIN) 6112
245 14 - TITLE STATEMENT
Title The image :
Remainder of title knowledge in life and society /
Statement of responsibility, etc. Kenneth E Boulding
260 ## - PUBLICATION, DISTRIBUTION, ETC. (IMPRINT)
Place of publication, distribution, etc. Ann Arbor :
Name of publisher, distributor, etc. University of Michigan Press,
Date of publication, distribution, etc. c1956 [printing 1963].
300 ## - PHYSICAL DESCRIPTION
Pagination 175 p. ;
Size 22 cm.
650 #0 - SUBJECT ADDED ENTRY--TOPICAL TERM
Topical term or geographic name as entry element Form (Philosophy)
9 (RLIN) 89294
942 ## - ADDED ENTRY ELEMENTS (KOHA)
Source of classification or shelving scheme Dewey Decimal Classification
Koha item type Books
Holdings
Lost status Source of classification or shelving scheme Damaged status Not for loan Collection code Permanent Location Current Location Shelving location Date acquired Source of acquisition Total Checkouts Full call number Date last seen Copy number Koha item type
  Dewey Decimal Classification   Not For Loan Non-fiction Central Library, University of Rajshahi Central Library, University of Rajshahi Reading Room 04/07/1966 Asia foundation   110 BUI 1963 07/05/2014 C-1 Books